| 000 | 00530cas a22001935a 4500 | ||
|---|---|---|---|
| 001 | S32 | ||
| 008 | 070627c1988 sw fr p 0 a0eng | ||
| 035 | _a(Sirsi) u99167 | ||
| 041 | 0 | _aeng | |
| 110 | 2 |
_aFederation Internationale des Geometres _95065 |
|
| 245 | 0 | 0 | _aCommission Three and Seven Newsletter |
| 260 |
_aLund _bFIG _c1988- |
||
| 362 | 0 | _a(1) June 1988-(18) December 1998 | |
| 554 | _aTwo per year | ||
| 651 | 4 | _aInternational | |
| 690 | _aENVIRONMENTAL AND LAND CONSULTANCY | ||
| 942 | _n0 | ||
| 948 | _c08/02/1994 | ||
| 999 |
_c118680 _d118680 |
||